| 000 | 01959cam a22004454i 4500 | ||
|---|---|---|---|
| 003 | PE-LiUPU | ||
| 005 | 20250731173332.0 | ||
| 008 | 150625s r 000 0 d | ||
| 020 | _a0631229078 | ||
| 035 | _a(Sirsi) i9780631229070 | ||
| 040 |
_aPE-LiUPU _bspa _cPE-LiUPU _erda |
||
| 049 | _aPRUA | ||
| 082 | 0 | 4 |
_a226.5 _bE26 _221 |
| 100 | 1 |
_aEdwards, Mark, _eautor. |
|
| 245 | 1 | 0 |
_aJohn / _cMark Edwards. |
| 264 | 1 |
_aMalden, MA : _bBlackwell Publishing, _c2004. |
|
| 300 |
_a242 páginas ; _c23 centímetros |
||
| 336 |
_atext _2rdacontent |
||
| 337 |
_aunmediated _2rdamedia |
||
| 338 |
_avolume _2rdacarrier |
||
| 505 | 0 | _aThe gospel and its interpreters. -Christ the word: John1:1-18. -The bapaatist's testimony: John 1:19-51. -Symbols of purity: John 2:1-11. -The new birth: john 2:23-4:2. -The samaritan woman: John 4:3-45. -Two healings and their aftermath: John 4:46-5:47. -Bread from heaven:John 6. -Ministry in Jerusalem: John 7 and 8. -Parables of the messiah: john9 and 10. -The raising of Lazarus: John 11. -Preparing for death: John 12 and 13. -Christ and spirit: John 14. -Valedictory: John 15-17. -Arrest and trial: John18. -The crucifixion: John 19. -The resurrection: John 20. -The final commission: John 21. | |
| 526 | _aSEG42 | ||
| 526 | _aSEG41 | ||
| 526 | _aSEG40 | ||
| 526 | _aSEG39 | ||
| 526 | _aP94 | ||
| 526 | _aP87 | ||
| 526 | _aP86 | ||
| 526 | _aP85 | ||
| 526 | _aP77 | ||
| 526 | _aP76 | ||
| 526 | _aP35 | ||
| 630 |
_aBiblia. _pN.T. _pJuan _xComentarios. |
||
| 942 |
_2ddc _cBOOK |
||
| 949 |
_a226.5 E26 _wDEWEY _c1 _i59288 _lCCODEBUL1 _mBUL _r0 _sY _tBOOK _u2015-6-25 _xTEOLOGIA _PP35 _0COMPRA _o.STAFF. Colección General |
||
| 994 |
_aC0 _bPEPRU |
||
| 596 | _a1 | ||
| 999 |
_a226.5 E26 _wDEWEY _c48075 _i59288 _d48075 _f2021-11-9 _g5 _lCCODEBUL1 _mBUL _q2 _r0 _sY _tBOOK _u2015-6-25 _xTEOLOGIA _PP35 _0COMPRA _o.STAFF. Colección General |
||
| 980 |
_81 _gALBERTO SANCHEZ Responsable de Automatización |
||